000 00301nam a2200133Ia 4500
005 20251222144748.0
008 251222s9999||||xx |||||||||||||| ||spa||
020 _a84-301-0515-8
082 _a860.6/A72
100 _a"Arias, Juan"
245 0 _aOración desnuda
250 _a10a. ed.
942 _cLIB
999 _c19219
_d19219